000 00431nam a22001817a 4500
005 20240422150604.0
008 240418b |||||||| |||| 00| 0 eng d
020 _a9789391663360
041 _aMarathi
082 _a891.46
_bGOK
100 _aGokhale Bhushan
_9206256
245 _aAakashzep
260 _aPune
_bUtkarsha Prakashan
_c2022
300 _a360
365 _b600.00
_cRs.00
650 _aNon Fiction
942 _cDB
999 _c357756
_d357756